000 01665nam a22003737a 4500
003 DO-SdBNP
005 20180309135744.0
008 160506b 2014 dr00| 0 spa d
020 _a9789945118506 (v. 1)
020 _a9789945118025 (v. 2) Guía
040 _aBPMSU
_bspa
_cBPMSU
082 4 _a373.257
_bLl791b 2do. 2013
100 1 _aLlibre, Claudia
245 1 _aBiología 2 :
_beducación media ; 2do. grado / 1er ciclo /
_cClaudia Llibre, Kennida Polanco y Víctor Manuel Lliriano Rosario ; dirección editorial Obdulia García de Escobar
260 _aSanto Domingo :
_bSantillana,
_c2014.
300 _a2 v. :
_bils., rters. ;
_c28 cm.
490 1 _aInnova
500 _aLa biblioteca posee el libro y la guía.
500 _a2do. grado/1er. ciclo
505 _tLas funciones vitales --
_tLa nutrición de las plantas --
_tNutrición humana : alimentación y digestación --
_tNutrición humana : circulación, respiración y excreción --
_tFunción de relación de plantas animales --
_tRelación y coordinación humana --
_tLa reproducción --
_tLa reproducción humana.
650 4 _aBIOLOGÍA
_xENSEÑANZA SECUNDARIA
650 4 _aBIOLOGÍA
_xLIBROS DE TEXTOS
650 4 _aBIOLOGÍA
_xESTUDIOS Y EJERCICIOS
650 4 _aEDUCACIÓN SECUNDARIA
_zREPÚBLICA DOMINICANA
650 4 _aEDUCACIÓN SECUNDARIA
_zREPÚBLICA DOMINICANA
700 1 2 _aPolanco, Kennida
700 1 2 _aLiriano Rosario, Víctor Manuel
700 1 _aGarcía de Escobar, Obdulia,
_edir. ed.
830 0 _aInnova
910 _aValidado. Control de calidad MFF
942 _2ddc
_cBK
945 _aRemanejado para la BNPHU / 2018 BT
956 _aBTAVÁREZ
_b10
_c20160506
_d0038
999 _c10024
_d10024